| 000 | 00424nam a2200157 4500 | ||
|---|---|---|---|
| 001 | 110988 | ||
| 003 | ES-MaACL | ||
| 005 | 20230906185223.0 | ||
| 007 | t| | ||
| 008 | 061121s1956 sp r ||||1| spa d | ||
| 100 | 1 |
_aNadal, Santiago. _984805 |
|
| 245 | 1 | 3 |
_aUn ` Dios ` ha caído / _cSantiago Nadal. |
| 260 |
_aBarcelona : _bCrisol, _c1956. |
||
| 300 |
_a100 p. 4 lám. ; _c19 cm. |
||
| 852 |
_aES-MaACL _jC-11818 _bR.39335 |
||
| 999 |
_c110988 _d110988 |
||